000 00552nam a2200181 i 4500
001 79886
003 ES-MaACL
005 20230906174056.0
007 t|
008 041025s1936 fr ||||1| fre d
100 1 _aHeschel, Abraham Joshua.
_963449
245 1 0 _aMaïmonide /
_cAbraham Heschel ; preface de Bernard Chapira ; traduit de l'allemand par Germaine Bernard.
260 _aParis :
_bPayot,
_c1936.
300 _a267 p. ;
_c23 cm.
700 1 _aChapira, Bernard.
_938016
700 1 _aBernard, Germaine.
_928237
852 _aES-MaACL
_jA-4483
999 _c79886
_d79886